Espacio público y privatización del conocimiento: estudios sobre políticas universitarias en América Latina /

Na minha lista:
Detalhes bibliográficos
Autor principal: Gentili, Pablo
Outros Autores: comp. Levy, Bettina comp
Formato: Texto
Publicado em: Buenos Aires: CLACSO
Assuntos:
Tags: Adicionar Tag
Sem tags, seja o primeiro a adicionar uma tag!

MARC

LEADER 00000 a a2200000 04500
001 32468
003
040
020 |a 987-1183-28-3  
090 |a 202504  
100 |a Gentili, Pablo  
245 |a Espacio público y privatización del conocimiento: estudios sobre políticas universitarias en América Latina /  |c Pablo Gentili 
260 |a Buenos Aires:   |b CLACSO  
300 |a 574 p.  
650 |a SOCIOLOGIA  
650 |a ECONOMIA  
650 |a FORMACION PROFESIONAL  
650 |a ANALISIS COMPARATIVO  
650 |a ARGENTINA  
700 |a comp.   |a Levy, Bettina   |a comp.  
999 |c 6324  |d 6324